LEGO-Minifiguren basierend auf realen Personen - Statistiken

Allgemein
  • Dieses Quiz wurde 77 mal gespielt
    18 seit der letzten Aktualisierung
  • Das Durchschnittsergebnis liegt bei 19 aus 85
Antwortstatistiken
Jahr Name Lebensdaten Beruf Herkunft % Korrekt
2016 Joachim Löw * 1960 Fußballspieler, Fußballtrainer Deutschland
80%
2011 Kleopatra VII. 69-30 v.Chr. Pharaonin Ägypten
80%
2004 Michael Schumacher * 1969 Rennfahrer Deutschland
73%
2023 V * 1995 Sänger Südkorea
73%
2003 Dirk Nowitzki * 1978 Basketballspieler Deutschland
67%
2016 Manuel Neuer * 1986 Fußballtorwart Deutschland
67%
2016 John Lennon 1940-1980 Musiker, Friedensaktivist Vereinigtes Königreich
60%
1998 Ramses III. 1217-1155 v.Chr. Pharao Ägypten
60%
2016 Thomas Müller * 1989 Fußballspieler Deutschland
60%
2022 Vincent van Gogh 1853-1890 Maler Niederlande
60%
2023 Walt Disney 1901-1966 Trickfilmzeichner, Filmproduzent USA
60%
2014 Abraham Lincoln 1809-1865 Politiker, US-Präsident USA
53%
2016 Mario Götze * 1992 Fußballspieler Deutschland
53%
2016 Bastian Schweinsteiger * 1984 Fußballspieler Deutschland
47%
2016 Mats Hummels * 1988 Fußballspieler Deutschland
47%
2016 Mesut Özil * 1988 Fußballspieler Deutschland
47%
2016 Toni Kroos * 1990 Fußballspieler Deutschland
47%
2025 Leonardo da Vinci
40%
2025 Marie Curie
40%
2003 Shaquille O'Neal * 1972 Basketballspieler, Rapper USA
40%
2014 William Shakespeare 1564-1616 Dichter, Schauspieler England
40%
2011 Edward Teach / Blackbeard um 1680-1718 Pirat Großbritannien
33%
2023 Galileo Galilei 1564-1642 Physiker, Astronom Italien
33%
2016 Jérôme Boateng * 1988 Fußballspieler Deutschland
33%
2016 Paul McCartney * 1942 Musiker Vereinigtes Königreich
33%
2016 Ringo Starr * 1940 Musiker Vereinigtes Königreich
33%
2021 Amelia Earhart 1897-1937/39 Flugpionierin USA
27%
2024 Ayrton Senna
27%
2016 Benedikt Höwedes * 1988 Fußballspieler Deutschland
27%
2016 George Harrison 1943-2001 Musiker Vereinigtes Königreich
27%
2025 Isaac Newton
27%
2022 Jane Goodall * 1934 Primatologin Vereinigtes Königreich
27%
2003 Kobe Bryant 1978-2020 Basketballspieler USA
27%
2017 Margaret Hamilton * 1936 Informatikerin, Mathematikerin USA
27%
2007 Felipe Massa * 1981 Rennfahrer Brasilien
20%
2022 Gustave Eiffel 1832-1923 Ingenieur Frankreich
20%
2018 Hans Christian Andersen 1805-1875 Dichter, Schriftsteller Dänemark
20%
2023 Jin * 1992 Sänger Südkorea
20%
2007 Kimi Räikkönen * 1979 Rennfahrer Finnland
20%
2016 Marco Reus * 1989 Fußballspieler Deutschland
20%
2016 will.i.am * 1975 Musiker USA
20%
2016 André Schürrle * 1990 Fußballspieler Deutschland
13%
2016 Christoph Kramer * 1991 Fußballspieler Deutschland
13%
2023 J-Hope * 1994 Rapper, Tänzer Südkorea
13%
2023 Jimin * 1995 Sänger, Tänzer Südkorea
13%
2023 Jung Kook * 1997 Sänger, Tänzer Südkorea
13%
2024 Pharrell Williams
13%
2016 Sami Khedira * 1987 Fußballspieler Deutschland
13%
2003 Toni Kukoč * 1968 Basketballspieler Kroatien
13%
2024 Ernest Shackleton 1874-1922 Polarforscher
7%
2024 Frank Hurley
7%
2025 George Washington Carver
7%
2021 Jerry Seinfeld * 1954 Comedian, Schauspieler USA
7%
2024 Jules Verne 1828-1905 Schriftsteller Frankreich
7%
2003 Karl Malone * 1963 Basketballspieler USA
7%
2017 Mae Jemison * 1956 Astronautin, Ärztin USA
7%
2017 Nancy Roman 1925-2018 Astronomin USA
7%
2023 Pocahontas um 1595-1617 / USA (Powhatan)
7%
2023 RM * 1994 Rapper, Tänzer Südkorea
7%
2017 Sally Ride 1951-2012 Astrophysikerin, Astronautin USA
7%
2016 Shkodran Mustafi * 1992 Fußballspieler Deutschland
7%
2023 Suga * 1993 Rapper Südkorea
7%
2003 Allan Houston * 1971 Basketballspieler USA
0%
2003 Allen Iverson * 1975 Basketballspieler USA
0%
2003 Antoine Walker * 1976 Basketballspieler USA
0%
2003 Chris Webber * 1973 Basketballspieler USA
0%
2003 Gary Payton * 1968 Basketballspieler USA
0%
2003 Jalen Rose * 1973 Basketballspieler USA
0%
2003 Jason Kidd * 1973 Basketballspieler, Head Coach USA
0%
2003 Jerry Stackhouse * 1974 Basketballspieler USA
0%
2023 Kevin Feige * 1973 Filmproduzent USA
0%
2003 Kevin Garnett * 1976 Basketballspieler USA
0%
2016 Max Kruse * 1988 Fußballspieler Deutschland
0%
2025 Nigel Mansell
0%
2003 Pau Gasol * 1980 Basketballspieler Spanien
0%
2003 Paul Pierce * 1977 Basketballspieler USA
0%
2003 Peja Stojaković * 1977 Basketballspieler Serbien
0%
2003 Ray Allen * 1975 Basketballspieler USA
0%
2004 Rubens Barrichello * 1972 Rennfahrer Brasilien
0%
2003 Steve Francis * 1977 Basketballspieler USA
0%
2003 Steve Nash * 1974 Basketballspieler Kanada
0%
2003 Tim Duncan * 1976 Basketballspieler USA
0%
2003 Tony Parker * 1982 Basketballspieler Frankreich
0%
2003 Tracy McGrady * 1979 Basketballspieler USA
0%
2003 Vince Carter * 1977 Basketballspieler USA
0%
Keine übereinstimmenden Quizze gefunden
Verteilung der Resultate
Anzahl Personen mit jedem Resultat
Perzentil nach korrekt beantworteten Fragen
Ihre Resultats-Entwicklung
Sie haben dieses Quiz seit der letzten Aktualisierung nicht gespielt